| 000 | 01393nam a2200241Ia 4500 | ||
|---|---|---|---|
| 003 | Ost | ||
| 005 | 20260507075550.0 | ||
| 008 | 260507s9999||||xx |||||||||||||| ||und|| | ||
| 020 | _a9789957328498 | ||
| 040 | _cfsecg | ||
| 041 | _aara | ||
| 082 | _a341.79 | ||
| 100 |
_aكافي، مصطفى يوسف _eمؤلف |
||
| 245 | 0 |
_aإدارة المفاوضات / _c مصطفى يوسف كافي |
|
| 246 | _aNegotiations administration | ||
| 260 |
_aعمان : _bدار الحامد للنشر والتوزيع, _c2015 |
||
| 300 |
_a221 صفحة؛ _bإيضاحات ؛ _c24 سم |
||
| 504 | _aبيبليوغرافيا: ص ص219-221 | ||
| 520 | _aمفهوم التفاوض وخصائصه، خطوات ومحددات النجاح في التفاوض، أنواع التفاوض وأساليبه، الضوابط التفاوضية، الصراع والأساليب التفاوضية، سياسات التفاوض، الإعداد للتفاوض، خصائص المفاوض الفعال-أنماط المفاوضين وكيفية التعامل مع كل نمط، استراتيجيات وتكتيكات التفاوض، الصفات والمهارات الرئيسية للمفاوض الناجح،العوامل المؤثرة في العملية التفاوضية، الدبلوماسية | ||
| 653 | _aإدارة الأعمال | ||
| 653 | _aالمفاوضات | ||
| 942 | _cكتاب | ||
| 999 |
_c44912 _d44912 |
||